000 00250as aa2200109a 44500
090 _aSERIADAS
_b01593
245 1 0 _aPanorama de las Américas
260 _bCopa Airlines
_aEstados Unidos
310 _aIRREGULAR
041 0 _aEspañol
942 _cREVISTA
999 _c17354
_d17354